| 000 | 00892 a2200229 4500 | ||
|---|---|---|---|
| 008 | 240605b mp ||||| |||| 00| 0 mon d | ||
| 020 | _a978-99973-1-070-5 | ||
| 035 | _a5075 | ||
| 040 |
_aHE0623081 _bmon _cMN-UlNLM _dMN-UlNLM _erda |
||
| 041 | _amon | ||
| 042 | _a8629 | ||
| 084 |
_2NNA _a87.22 _bД.893 |
||
| 100 | _aМансей Л. | ||
| 245 | 0 | _aДэлхийн төв рүү аялсан нь | |
| 264 |
_aУБ. _bМонсудар хэвлэлийн газар _c2013 |
||
| 300 | _a63х. | ||
| 336 |
_2rdacontent _atext _btxt |
||
| 337 |
_2rdamedia _aunmediated _bn |
||
| 338 |
_2rdacarrier _avolume _bnc |
||
| 650 | _aСансар огторгуйгаас эхлээд дэлхийн улайссан халуун цөм хүртэл сонирхолтой аялал хийгээрэй Агаар мандал Газрын гадарга Газар доор... | ||
| 942 |
_2NNA _cBK |
||
| 999 |
_c877438 _d877495 |
||